figure de style - Statistiques

Statistiques générales
  • Ce quiz a été pris 640 fois
  • Le résultat moyen est 12 sur 28
Statistiques - réponses
Hint Réponse % Correct
comparaison sans outil de comparaison metaphore
94%
une mise en relation, à l'aide d'un mot de comparaison appelé le « comparatif » Comparaison
90%
donner des traits humains a des objets ou animaux personnification
88%
repetition d’un même mot en début de vers Anaphore
80%
mots contraitres rassemblé dans un meme groupe nominal oxymore
80%
consomme repété Alliteration
79%
emplifié la réalité hyperbole
77%
enumeration croissant ou decroissant gradation
75%
voyelle repeté Assonance
73%
etablir une liste enumeration
69%
attenuation, en dire moins litote
69%
utilisation de mots contraire antithèse
65%
groupe de mots qui désigne un mot periphrase
47%
litote mais qui s’évoque sur un sujet tabou de la société Euphémisme
46%
la description de qql chose d’abstrait par des éléments concrets Allégorie
40%
dire l'inverse de ce qu'on pense ironie
31%
nom commun adj nom commun adj Parallélisme
21%
repetition d’un même mot en fin de phrase Epiphore
16%
utilisation de mot idée de même sens dans une même phrase Pléonasme
13%
faire parler un mort prosopopée
12%
même famille morphologique du mot ex amoure des amoureux Polyptote
9%
entre deux termes il y a une seule syllabe qui diffère Paronomase
8%
les sens Synesthésie
8%
figure de style de l'auto correction Épanorthose
5%
reprise du terme d’avant pour le développer Epanode
0%
description mental Ethopée
0%
un verbe conjugué plusieurs personnes plusieurs mode Figure derivative
0%
description du physique Prosopographie
0%
Aucun quiz correspondant
Distribution des résultats
% des personnes avec chaque résultat
Percentile par nombre de réponses
Votre historique - résultats
Vous n’avez pas pris ce quiz